La mythologie grecque - Les noms en J et K - Statistiques

Statistiques générales
  • Ce quiz a été pris 381 fois
  • Le résultat moyen est 3 sur 8
Statistiques - réponses
Indice Réponse % Correct
Héros ayant récupéré la Toison d'Or Jason
97%
Roi des Titans ayant tué Ouranos Kronos
67%
Mère et épouse d'Œdipe Jocaste
58%
Titan de la mortalité, père de Prométhée Japet
48%
Personnification de la puissance Kratos
48%
Déesse de la séduction amoureuse Jynx
2%
Centaure archer qui devint la constellation du Sagittaire Krotos
2%
Personnification du vacarme de la bataille Kydoimos
2%
Aucun quiz correspondant
Distribution des résultats
% des personnes avec chaque résultat
Percentile par nombre de réponses
Votre historique - résultats
Vous n’avez pas pris ce quiz